000 00271nam a22001097a 4500
008 230626b xxu||||| |||| 00| 0 eng d
082 _a338
_bUNDP
245 _aKenya Development Cooperation Report 2005
260 _aKenya
_bUNDP
_c2006
300 _aIX,77p
942 _2ddc
_cBK
999 _c2671
_d2671